00000000nam##2200000za#4500
0019.609695
003CaOODSP
00520200327114411
007ta
008150406|1991||||xxc|||||     f|0| 0 eng|d
022 |a0706-6457
040 |aCaOODSP|beng
043 |an-cn---
0861 |aFs97-6/1822E
1101 |aCanada. |bDepartment of Fisheries and Oceans.
24510|aEffectiveness of mid-ocean exchange in controlling freshwater and coastal zooplankton in ballast water / |cby A. Locke et al.
260 |aOttawa - Ontario : |bFisheries and Oceans Canada |c1991.
300 |a93p. : |bfig., references, tables ; |c28 cm.
4901 |aCanadian technical report of fisheries and aquatic sciences|x0706-6457|v1822
500 |aPrepared in the Great Lakes Laboratory for Fisheries and Aquatic Sciences, Canada Centre for Inland Waters, 867 Lakeshore Road, P.O. Box 5050, Burlington, Ontario L7R 4A6.
546 |aRésumés en français
563 |aSoftcover
7201 |aLocke, A.
7760#|tEffectiveness of mid-ocean exchange in controlling freshwater and coastal zooplankton in ballast water / |w(CaOODSP)9.573792
830#0|aCanadian technical report of fisheries and aquatic sciences,|x0706-6457|v1822|w(CaOODSP)9.514691